Good bye to buy-to-let? (Record no. 69122)

MARC details
000 -LEADER
fixed length control field 01023cam a2200229 4500
001 - CONTROL NUMBER
control field ABS64909
008 - FIXED-LENGTH DATA ELEMENTS--GENERAL INFORMATION
fixed length control field 011217n2001 000 0 eng u
035 ## - SYSTEM CONTROL NUMBER
System control number (Sirsi) u116012
100 ## - MAIN ENTRY--PERSONAL NAME
Personal name Pannell, B
245 ## - TITLE STATEMENT
Title Good bye to buy-to-let?
260 ## - PUBLICATION, DISTRIBUTION, ETC.
Date of publication, distribution, etc. 2001
490 ## - SERIES STATEMENT
Series statement Housing Finance
Volume/sequential designation (52) November 2001, 18-25(8)
520 ## - SUMMARY, ETC.
Summary, etc. Analysis of the buy-to-let sector. Includes the background, definition and nature of the sector. Suggests the buy-to-let sector has contributed to the recovery of the private rented sector over the past decade and that lenders experience of the market has been very positive. Concludes that any economic downturn will not have much impact on this sector but longer term the future of the market will be driven by the demand for rented property.
590 ## - LOCAL NOTE (RLIN)
Local note ABS
650 ## - SUBJECT ADDED ENTRY--TOPICAL TERM
Topical term or geographic name entry element BUY-TO-LET
650 ## - SUBJECT ADDED ENTRY--TOPICAL TERM
Topical term or geographic name entry element COUNCIL OF MORTGAGE LENDERS
650 ## - SUBJECT ADDED ENTRY--TOPICAL TERM
Topical term or geographic name entry element PRIVATE RENTED SECTOR
650 ## - SUBJECT ADDED ENTRY--TOPICAL TERM
Topical term or geographic name entry element POSSESSION
650 ## - SUBJECT ADDED ENTRY--TOPICAL TERM
Topical term or geographic name entry element CAPITAL GROWTH
690 ## - LOCAL SUBJECT ADDED ENTRY--TOPICAL TERM (OCLC, RLIN)
Topical term or geographic name as entry element HOUSING-PRIVATE RENTED SECTOR
942 ## - ADDED ENTRY ELEMENTS (KOHA)
Suppress in OPAC 0
Holdings
Withdrawn status Lost status Source of classification or shelving scheme Damaged status Not for loan Home library Current library Shelving location Date acquired Total Checkouts Full call number Barcode Date last seen Copy number Price effective from Koha item type
    Dewey Decimal Classification     London London Journal article 17/12/2001   ABS64909 116012-1001 06/08/2019 1 06/08/2019 Journal article